| 000 | 00716cam a2200217 a 4500 | ||
|---|---|---|---|
| 001 | 000005136 | ||
| 005 | 20200929151604.0 | ||
| 008 | 810903s1963 sp 000 p spa d | ||
| 035 | _a(DLC) 65049159 | ||
| 040 |
_aDO-SdBNP _cCarP _dDLC7 _dBNPHU |
||
| 082 |
_a861.6 _bM385c |
||
| 245 | 0 | 1 |
_aCancionero popular taurino : _bantología / _crealizó la recopilación Manuel Martínez Remis. |
| 260 |
_aMadrid : _bTaurus, _c1963. |
||
| 300 |
_a187, [4] p. ; _c18 cm. |
||
| 490 | 1 |
_aTemas de España _v21 |
|
| 650 | 4 |
_aPoesía española _9631 |
|
| 650 | 4 |
_aLiteratura española _ySIGLO XX _93326 |
|
| 700 | 1 |
_aMartínez Remis, Manuel _914705 |
|
| 830 | 0 |
_aTemas de España ; _v21 _96849 |
|
| 910 | _aCatalogación por copia / LC | ||
| 999 |
_c4939 _d4939 |
||